[Event "Samara Polugaevsky Memorial 7th"]
[Site "Samara"]
[Date "2017.07.14"]
[Round "7"]
[White "Rumyantsev, Nikolay"]
[Black "Tukaeva, Aida"]
[Result "0-1"]
[WhiteElo "1612"]
[BlackElo "1561"]
[PlyCount "54"]
[EventDate "2017.07.08"]
[EventType "swiss"]
[EventRounds "9"]
[EventCountry "RUS"]
[SourceTitle "EXT 2018"]
[Source "ChessBase"]
[SourceDate "2017.10.13"]
[SourceVersion "1"]
[SourceVersionDate "2017.10.13"]
[SourceQuality "1"]

1. e4 d6 2. d4 Nf6 3. Bd3 e5 4. d5 c6 5. c4 Be7 6. Nc3 0-0 7. Nge2 Nbd7 8. Ng3 Nc5 9. Be2 a5 10. b3 Re8 11. Be3 Na6 12. 0-0 Bf8 13. Rc1 g6 14. h3 Bg7 15. Qd2 Re7 16. Na4 c5 17. Bg5 Bd7 18. Nc3 Qf8 19. Bg4 Bxg4 20. hxg4 h6 21. Bh4 g5 22. Nf5 gxh4 23. Nxe7+ Qxe7 24. f3 Nc7 25. g5 hxg5 26. Qxg5 Nfxd5 27. Qg4 Ne3 0-1

[Event "Samara Polugaevsky Memorial 7th"]
[Site "Samara"]
[Date "2017.07.09"]
[Round "2"]
[White "Rumyantsev, Nikolay"]
[Black "Vysotsky, Ivan"]
[Result "0-1"]
[WhiteElo "1612"]
[BlackElo "1981"]
[PlyCount "56"]
[EventDate "2017.07.08"]
[EventType "swiss"]
[EventRounds "9"]
[EventCountry "RUS"]
[SourceTitle "EXT 2018"]
[Source "ChessBase"]
[SourceDate "2017.10.13"]
[SourceVersion "1"]
[SourceVersionDate "2017.10.13"]
[SourceQuality "1"]

1. b4 e5 2. Bb2 d6 3. e4 Nf6 4. Nc3 g6 5. Nge2 Bg7 6. Ng3 0-0 7. Be2 Nc6 8. a3 a5 9. b5 Nd4 10. Bd3 d5 11. a4 dxe4 12. Ncxe4 Nxe4 13. Bxe4 f5 14. Bd3 Be6 15. Ra3 e4 16. c3 exd3 17. cxd4 Bxd4 18. Qa1 Bxb2 19. Qxb2 Qd5 20. 0-0 f4 21. Nh1 f3 22. Re1 fxg2 23. Ng3 Rae8 24. Re3 Bh3 25. Qb3 Qxb3 26. Rxb3 Rxe3 27. dxe3 Rd8 28. Rb1 d2 0-1

[Event "Samara Polugaevsky Memorial 6th"]
[Site "Samara"]
[Date "2016.07.08"]
[Round "6"]
[White "Rumyantsev, Nikolay"]
[Black "Mkhitaryan, Karen"]
[Result "1-0"]
[WhiteElo "1637"]
[BlackElo "1389"]
[PlyCount "32"]
[EventDate "2016.07.03"]
[EventType "swiss"]
[EventRounds "9"]
[EventCountry "RUS"]
[SourceTitle "EXT 2019"]
[Source "ChessBase"]
[SourceDate "2018.10.10"]
[SourceVersion "1"]
[SourceVersionDate "2018.10.10"]
[SourceQuality "1"]

1. e4 c5 2. b4 cxb4 3. a3 e6 4. Bb2 Nf6 5. Bd3 Nc6 6. Nh3 Qa5 7. 0-0 Ne5 8. axb4 Qc7 9. Bb5 Neg4 10. g3 Bxb4 11. d4 a6 12. e5 axb5 13. Rxa8 Ba5 14. exf6 Nxf6 15. Na3 b4 16. Nb5 Qc6 1-0

[Event "Samara Polugaevsky Memorial 6th"]
[Site "Samara"]
[Date "2016.07.03"]
[Round "1"]
[White "Muromtsev, Arthur"]
[Black "Rumyantsev, Nikolay"]
[Result "1-0"]
[WhiteElo "2219"]
[BlackElo "1637"]
[PlyCount "83"]
[EventDate "2016.07.03"]
[EventType "swiss"]
[EventRounds "9"]
[EventCountry "RUS"]
[SourceTitle "EXT 2019"]
[Source "ChessBase"]
[SourceDate "2018.10.10"]
[SourceVersion "1"]
[SourceVersionDate "2018.10.10"]
[SourceQuality "1"]

1. e4 d5 2. exd5 c6 3. d4 cxd5 4. Bd3 Nf6 5. h3 Nc6 6. c3 Qc7 7. Nf3 g6 8. 0-0 Bg7 9. Re1 0-0 10. Na3 a6 11. Nc2 Re8 12. Bg5 Be6 13. Qd2 Red8 14. Bh6 Bh8 15. Re2 Ne8 16. Rae1 Qc8 17. Bg5 Nc7 18. Qf4 Re8 19. Qg3 Ra7 20. Bf4 b5 21. Ng5 Bf6 22. Bxc7 Bxg5 23. Qxg5 Rxc7 24. Rxe6 fxe6 25. Bxg6 Rf8 26. Bd3+ Kh8 27. Qh5 Rf5 28. Bxf5 exf5 29. Qf7 e5 30. Qf6+ Kg8 31. dxe5 Rf7 32. Qd6 Ne7 33. Ne3 Qb7 34. e6 Rf8 35. Qg3+ Kh8 36. Qe5+ Kg8 37. Rd1 h5 38. Nxd5 Ng6 39. Qg3 Kh7 40. Nf4 Ne5 41. Nxh5 Ng6 42. Rd7+ 1-0

[Event "Samara Polugaevsky Memorial 5th"]
[Site "Samara"]
[Date "2015.07.06"]
[Round "4"]
[White "Rumyantsev, Nikolay"]
[Black "Borisova, Polina I"]
[Result "0-1"]
[WhiteElo "1697"]
[BlackElo "1793"]
[PlyCount "38"]
[EventDate "2015.07.03"]
[EventType "swiss"]
[EventRounds "9"]
[EventCountry "RUS"]
[SourceTitle "EXT 2017"]
[Source "ChessBase"]
[SourceDate "2016.10.25"]
[SourceVersion "1"]
[SourceVersionDate "2016.10.25"]
[SourceQuality "1"]

1. e4 e5 2. Nf3 Nc6 3. c3 d5 4. Qa4 Bd7 5. exd5 Nd4 6. Qd1 Nxf3+ 7. Qxf3 Nf6 8. Bc4 Bd6 9. h3 0-0 10. d3 e4 11. dxe4 Nxe4 12. 0-0 Qh4 13. Be2 Rae8 14. Be3 Qe7 15. Re1 Qe5 16. Bd3 Qh2+ 17. Kf1 f5 18. h4 f4 19. Bxe4 Bb5+ 0-1

[Event "Samara Polugaevsky Memorial 5th"]
[Site "Samara"]
[Date "2015.07.05"]
[Round "3"]
[White "Strunin, Anton"]
[Black "Rumyantsev, Nikolay"]
[Result "1-0"]
[WhiteElo "1904"]
[BlackElo "1697"]
[PlyCount "29"]
[EventDate "2015.07.03"]
[EventType "swiss"]
[EventRounds "9"]
[EventCountry "RUS"]
[SourceTitle "EXT 2017"]
[Source "ChessBase"]
[SourceDate "2016.10.25"]
[SourceVersion "1"]
[SourceVersionDate "2016.10.25"]
[SourceQuality "1"]

1. d4 Nf6 2. Nf3 d5 3. c4 c6 4. cxd5 cxd5 5. Nc3 Nc6 6. Bf4 a6 7. e3 Nh5 8. Bg5 h6 9. Bh4 g6 10. Qb3 Bg7 11. Qxd5 Qxd5 12. Nxd5 Be6 13. Nc7+ Kd7 14. Nxa8 Rxa8 15. a3 1-0

[Event "Uljanovsk Povolje op"]
[Site "Uljanovsk"]
[Date "2014.08.26"]
[Round "1"]
[White "Rumyantsev, Nikolay"]
[Black "Chesalkin, Vladimir"]
[Result "0-1"]
[WhiteElo "1744"]
[BlackElo "2078"]
[PlyCount "98"]
[EventDate "2014.08.26"]
[EventType "swiss"]
[EventRounds "9"]
[EventCountry "RUS"]
[SourceTitle "CBM 162 Extra"]
[Source "ChessBase"]
[SourceDate "2014.10.17"]
[SourceVersion "1"]
[SourceVersionDate "2014.10.17"]
[SourceQuality "1"]

1. e4 c5 2. c3 Nf6 3. e5 Nd5 4. d4 d6 5. c4 Nb6 6. dxc5 dxc5 7. Qxd8+ Kxd8 8. Nc3 Nc6 9. Bf4 Bf5 10. 0-0-0+ Ke8 11. b3 Rd8 12. Be2 Rxd1+ 13. Kxd1 g5 14. Bxg5 Nxe5 15. Nf3 Bg7 16. Nxe5 Bxe5 17. Kd2 f6 18. Be3 Kf7 19. Rc1 Rd8+ 20. Ke1 Bd4 21. Bf3 Nd7 22. Bxb7 Ne5 23. Ke2 Nd3 24. Rc2 Nf4+ 25. Bxf4 Bxc2 26. Nb5 Bb1 27. Bc7 Rg8 28. Nxd4 cxd4 29. c5 Bxa2 30. b4 Bc4+ 31. Ke1 Ke6 32. g3 Bb5 33. Kd2 Kd7 34. Ba5 e5 35. Be4 Ke6 36. h4 f5 37. Bc2 Rc8 38. Bb3+ Kf6 39. Bd5 e4 40. Bb3 Ke5 41. Bf7 Bc6 42. Bc4 f4 43. Ba6 e3+ 44. Ke2 f3+ 45. Ke1 Re8 46. Bc7+ Ke4 47. fxe3 dxe3 48. Bf4 Rd8 49. b5 f2+ 0-1

[Event "Samara Polugaevsky Memorial 4th"]
[Site "Samara"]
[Date "2014.07.05"]
[Round "4"]
[White "Kroll, Dmitry V"]
[Black "Rumyantsev, Nikolay"]
[Result "1/2-1/2"]
[WhiteElo "1976"]
[BlackElo "1745"]
[PlyCount "181"]
[EventDate "2014.07.02"]
[EventType "swiss"]
[EventRounds "9"]
[EventCountry "RUS"]
[SourceTitle "CBM 161 Extra"]
[Source "ChessBase"]
[SourceDate "2014.08.29"]
[SourceVersion "1"]
[SourceVersionDate "2014.08.29"]
[SourceQuality "1"]

1. d4 Nf6 2. Nf3 g6 3. c4 c6 4. Nc3 Bg7 5. e4 d6 6. Bd3 0-0 7. 0-0 Nbd7 8. h3 Nh5 9. Be3 b6 10. Rc1 Bb7 11. d5 h6 12. Qd2 Kh7 13. dxc6 Bxc6 14. Nd5 Nc5 15. Bb1 e6 16. Nc3 Nf6 17. e5 Nfe4 18. Nxe4 Nxe4 19. Bxe4 Bxe4 20. Bg5 Qd7 21. Bf6 Bxf6 22. exf6 Bxf3 23. gxf3 e5 24. Rc3 Qe6 25. Rd1 Rfd8 26. Rd3 Qxf6 27. Kg2 Rac8 28. Rxd6 Rxd6 29. Qxd6 Qxd6 30. Rxd6 Rxc4 31. Rd7 Ra4 32. Rxf7+ Kg8 33. Rf6 Kg7 34. Re6 Rxa2 35. Rxe5 Kf6 36. Rb5 Ke6 37. f4 Ra4 38. Kg3 Rd4 39. h4 h5 40. Re5+ Kf6 41. Rb5 Rd3+ 42. f3 Rd2 43. Rb4 Rc2 44. Rb5 Rc5 45. Rb3 Kf5 46. Re3 a5 47. Re8 Rb5 48. Re2 Rb4 49. Re5+ Kf6 50. Re2 a4 51. Rc2 Kf5 52. Rd2 Ke6 53. Re2+ Kf6 54. Rc2 b5 55. Rc6+ Kg7 56. Rc2 Rc4 57. Rd2 Rc5 58. Rd7+ Kf6 59. Rb7 Kf5 60. Rb8 Rd5 61. Rb6 Rc5 62. Rb8 Ke6 63. Rb6+ Kf7 64. Rb7+ Kg8 65. Rb8+ Kg7 66. Rb7+ Kh6 67. Rb8 Rd5 68. Rb7 Rf5 69. Rb8 Kg7 70. Rb7+ Kf6 71. Rb6+ Kg7 72. Rb7+ Kh6 73. Rb8 Rc5 74. Rb6 Kg7 75. Rb7+ Kf8 76. Rb6 Kf7 77. Rb7+ Ke6 78. Rb6+ Kd5 79. Rxg6 Kc4 80. Rg5 Rc7 81. Rxh5 b4 82. Ra5 Rg7+ 83. Kh3 Kb3 84. f5 Kxb2 85. Rxa4 Kc3 86. f6 Rf7 87. Ra6 b3 88. Rb6 b2 89. Rc6+ Kd4 90. Rb6 Kc3 91. Rc6+ 1/2-1/2

[Event "Samara Polugaevsky Memorial 4th"]
[Site "Samara"]
[Date "2014.07.03"]
[Round "2"]
[White "Velichko, Arseny"]
[Black "Rumyantsev, Nikolay"]
[Result "1-0"]
[WhiteElo "2042"]
[BlackElo "1745"]
[PlyCount "118"]
[EventDate "2014.07.02"]
[EventType "swiss"]
[EventRounds "9"]
[EventCountry "RUS"]
[SourceTitle "CBM 161 Extra"]
[Source "ChessBase"]
[SourceDate "2014.08.29"]
[SourceVersion "1"]
[SourceVersionDate "2014.08.29"]
[SourceQuality "1"]

1. d4 Nf6 2. Nf3 g6 3. c4 c6 4. Nc3 Bg7 5. Bf4 d6 6. h3 0-0 7. e3 Nh5 8. Bh2 f5 9. Be2 Nf6 10. 0-0 Na6 11. Qc2 Nc7 12. b4 a6 13. Rfd1 b5 14. a4 Bb7 15. cxb5 cxb5 16. axb5 axb5 17. Qb3+ Kh8 18. Ng5 Rb8 19. Nxb5 Bd5 20. Qa4 Bc6 21. Rac1 Bxb5 22. Bxb5 Nxb5 23. Ne6 Qb6 24. Nxf8 Bxf8 25. Qb3 Qb7 26. d5 Nc7 27. b5 Ncxd5 28. Rb1 Nb6 29. Rdc1 Qd5 30. Qa3 Ra8 31. Qc3 Bg7 32. Qc6 Nfd7 33. Rd1 Qa2 34. Rbc1 Qa3 35. Bf4 Rc8 36. Qxc8+ Nxc8 37. Rxc8+ Bf8 38. Rd8 Qa7 39. Rc1 Kg7 40. Rcc8 Kf7 41. b6 Qxb6 42. Rxd7 Qb1+ 43. Kh2 Ke6 44. Ra7 Bg7 45. Bg5 Be5+ 46. f4 Bf6 47. Bxf6 Kxf6 48. Rf8+ Ke6 49. Re8 h6 50. Rexe7+ Kd5 51. Ra5+ Kc6 52. Ra6+ Kd5 53. Ra4 Qb3 54. Rd4+ Kc6 55. Re8 g5 56. Re7 Qc3 57. Re6 Qc5 58. Rxh6 gxf4 59. Rdxd6+ Kc7 1-0

[Event "Uljanovsk Povolje op"]
[Site "Uljanovsk"]
[Date "2013.08.29"]
[Round "9"]
[White "Rumyantsev, Nikolay"]
[Black "Kalashnikov, Nikolay"]
[Result "1-0"]
[WhiteElo "1716"]
[BlackElo "1535"]
[PlyCount "91"]
[EventDate "2013.08.24"]
[EventType "swiss"]
[EventRounds "9"]
[EventCountry "RUS"]
[SourceTitle "CBM 156 Extra"]
[Source "ChessBase"]
[SourceDate "2013.10.22"]
[SourceVersion "1"]
[SourceVersionDate "2013.10.22"]
[SourceQuality "1"]

1. e4 e5 2. Nf3 Nc6 3. c3 Nf6 4. d4 exd4 5. e5 Nd5 6. cxd4 Bb4+ 7. Nbd2 d6 8. a3 Ba5 9. b4 Bb6 10. Bb5 Bd7 11. Qb3 Nce7 12. Bc4 Be6 13. Bb2 a5 14. 0-0 axb4 15. axb4 Rxa1 16. Rxa1 0-0 17. Ng5 h6 18. Nge4 dxe5 19. dxe5 Qd7 20. Nc5 Bxc5 21. bxc5 Nc6 22. Ne4 Nf4 23. g3 Bxc4 24. Qxc4 Qd5 25. Nf6+ gxf6 26. Qxf4 Nxe5 27. Ra3 Qd1+ 28. Kg2 Nd3 29. Qxf6 Nxb2 30. Qxb2 Qd5+ 31. Rf3 Ra8 32. Qb4 Ra1 33. Qf4 Ra5 34. Qxc7 Rxc5 35. Qb8+ Kg7 36. Qf4 Kf8 37. Qxh6+ Ke8 38. Qh8+ Ke7 39. h4 b5 40. Qf6+ Kf8 41. Kh2 Rc1 42. Qh8+ Ke7 43. Re3+ Kd6 44. Qb8+ Rc7 45. Qd8+ Rd7 46. Qb6+ 1-0

[Event "Uljanovsk Povolje op"]
[Site "Uljanovsk"]
[Date "2013.08.24"]
[Round "1"]
[White "Murtazin, Bulat"]
[Black "Rumyantsev, Nikolay"]
[Result "1-0"]
[WhiteElo "2191"]
[BlackElo "1716"]
[PlyCount "35"]
[EventDate "2013.08.24"]
[EventType "swiss"]
[EventRounds "9"]
[EventCountry "RUS"]
[SourceTitle "CBM 156 Extra"]
[Source "ChessBase"]
[SourceDate "2013.10.22"]
[SourceVersion "1"]
[SourceVersionDate "2013.10.22"]
[SourceQuality "1"]

1. d4 Nf6 2. c4 e5 3. dxe5 Ng4 4. e3 Nxe5 5. Be2 Be7 6. Nf3 Nbc6 7. 0-0 0-0 8. Nc3 Re8 9. Nd5 Bf8 10. b3 Ng6 11. Bb2 Nce5 12. Qd4 f6 13. Rad1 b6 14. Nxf6+ Qxf6 15. Qd5+ Kh8 16. Nxe5 Nxe5 17. Qxa8 c6 18. Qxa7 1-0

[Event "Samara Polugaevsky Memorial 2nd"]
[Site "Samara"]
[Date "2012.07.07"]
[Round "3"]
[White "Gusev, Boris"]
[Black "Rumyantsev, Nikolay"]
[Result "1/2-1/2"]
[WhiteElo "1956"]
[BlackElo "1742"]
[PlyCount "109"]
[EventDate "2012.07.05"]
[EventType "swiss"]
[EventRounds "9"]
[EventCountry "RUS"]
[SourceTitle "CBM 149 Extra"]
[Source "ChessBase"]
[SourceDate "2012.08.24"]
[SourceVersion "1"]
[SourceVersionDate "2012.08.24"]
[SourceQuality "1"]

1. d4 Nf6 2. Bg5 d5 3. Nd2 Ne4 4. Bh4 g6 5. f3 Nd6 6. e4 Bg7 7. c3 Be6 8. e5 Nf5 9. Bf2 h5 10. Qe2 c6 11. h4 Qd7 12. Nh3 Qc7 13. Ng5 Na6 14. Nxe6 fxe6 15. g4 Nh6 16. Qe3 Kd7 17. Rg1 Rag8 18. b4 Nb8 19. Bh3 hxg4 20. fxg4 g5 21. hxg5 Nf7 22. g6 Nxe5 23. Qg3 Nxg6 24. Qxc7+ Kxc7 25. Bg3+ e5 26. Bf1 Nd7 27. Nf3 Kc8 28. 0-0-0 e4 29. Ne1 Bh6+ 30. Kc2 Bg5 31. Ng2 Rf8 32. Be2 Rh3 33. Be1 Rf7 34. a4 a6 35. b5 axb5 36. axb5 e5 37. bxc6 bxc6 38. Ra1 Nb8 39. Ra8 Kb7 40. Ra1 Nf4 41. Rf1 Rg7 42. Nxf4 exf4 43. Rg1 Rh2 44. Kd1 f3 45. Bxf3 exf3 46. Rb1+ Kc8 47. Rxb8+ Kxb8 48. Bg3+ Kb7 49. Bxh2 f2 50. Rf1 Bh4 51. Bf4 Rxg4 52. Be3 Ka6 53. Bxf2 Rf4 54. Ke2 Rxf2+ 55. Rxf2 1/2-1/2

[Event "Samara Polugaevsky Memorial 1st"]
[Site "Samara"]
[Date "2011.07.09"]
[Round "5"]
[White "Sevastianov, Viktor"]
[Black "Rumyantsev, Nikolay"]
[Result "1-0"]
[WhiteElo "2003"]
[BlackElo "1807"]
[PlyCount "75"]
[EventDate "2011.07.05"]
[EventType "swiss"]
[EventRounds "9"]
[EventCountry "RUS"]
[SourceTitle "CBM 143 Extra"]
[Source "ChessBase"]
[SourceDate "2011.08.29"]
[SourceVersion "1"]
[SourceVersionDate "2011.08.29"]
[SourceQuality "1"]

1. d4 Nf6 2. Nf3 g6 3. Bg5 Bg7 4. Nbd2 d5 5. e3 Nbd7 6. Bd3 0-0 7. 0-0 Ne8 8. c3 Nd6 9. e4 f6 10. Be3 c6 11. exd5 cxd5 12. Bc2 b5 13. Re1 Nb6 14. h3 Bd7 15. Nb3 Nbc4 16. Bc1 Nb7 17. Nc5 Nxc5 18. dxc5 Bc6 19. Nd4 Qd7 20. b3 Na5 21. b4 Nc4 22. Nxc6 Qxc6 23. a4 a6 24. Rxe7 Rfd8 25. Qd4 Ne5 26. f4 Bf8 27. axb5 axb5 28. Rea7 Rxa7 29. Rxa7 Nc4 30. Be3 Re8 31. Bf2 Bg7 32. Bd1 Kf8 33. Bf3 Rd8 34. Ra1 Kf7 35. Rd1 Ke6 36. g4 f5 37. Qxg7 Qe8 38. Re1+ 1-0

[Event "Uljanovsk Privolje op"]
[Site "Uljanovsk"]
[Date "2011.02.01"]
[Round "1"]
[White "Rumyantsev, Nikolay"]
[Black "Kuznetsova, Olga1"]
[Result "0-1"]
[WhiteElo "1819"]
[BlackElo "2168"]
[PlyCount "78"]
[EventDate "2011.02.01"]
[EventType "swiss"]
[EventRounds "9"]
[EventCountry "RUS"]
[SourceTitle "CBM 140 Extra"]
[Source "ChessBase"]
[SourceDate "2011.03.01"]
[SourceVersion "1"]
[SourceVersionDate "2011.03.01"]
[SourceQuality "1"]

1. e4 g6 2. d4 Bg7 3. c3 c6 4. Bd3 d6 5. Nf3 Nf6 6. Nbd2 0-0 7. 0-0 Nfd7 8. a4 c5 9. Qc2 Nc6 10. Nb3 cxd4 11. Nfxd4 Nf6 12. Rd1 h6 13. Bf1 a6 14. h3 Qc7 15. Ne2 e5 16. Be3 Be6 17. Nd2 d5 18. Ra3 Rac8 19. Qb1 Rfd8 20. f3 Kh8 21. Ng3 b6 22. Bxa6 Ra8 23. Bb5 Bf8 24. b4 d4 25. cxd4 exd4 26. Bf2 Nxb4 27. Ra1 Qc3 28. Ngf1 Nc2 29. Ra2 Bxa2 30. Qxa2 Kg7 31. e5 Nd5 32. Ne4 Qc7 33. Qb3 Ndb4 34. f4 Rac8 35. Bh4 Be7 36. Bg3 Qb7 37. Nfd2 Ne3 38. Rb1 Rc3 39. Qb2 Rc2 0-1

[Event "Samara op"]
[Site "Samara"]
[Date "2010.07.30"]
[Round "8"]
[White "Mamedov, Nazim"]
[Black "Rumyantsev, Nikolay"]
[Result "1-0"]
[WhiteElo "1623"]
[BlackElo "1801"]
[PlyCount "29"]
[EventDate "2010.07.23"]
[EventType "swiss"]
[EventRounds "9"]
[EventCountry "RUS"]
[SourceTitle "EXT 2011"]
[Source "ChessBase"]
[SourceDate "2010.11.26"]
[SourceVersion "1"]
[SourceVersionDate "2010.11.26"]
[SourceQuality "1"]

1. e4 d5 2. exd5 c6 3. dxc6 Nxc6 4. Bb5 Qd5 5. Bxc6+ Qxc6 6. Nf3 Bg4 7. d3 e5 8. Be3 Bd6 9. Nbd2 f5 10. Nc4 Bc7 11. h3 Bh5 12. Nfxe5 Bxe5 13. Nxe5 Qxg2 14. Qxh5+ g6 15. Qf3 1-0

[Event "Samara op"]
[Site "Samara"]
[Date "2010.07.29"]
[Round "7"]
[White "Rumyantsev, Nikolay"]
[Black "Shilov, Sergej"]
[Result "1-0"]
[WhiteElo "1801"]
[BlackElo "2219"]
[PlyCount "103"]
[EventDate "2010.07.23"]
[EventType "swiss"]
[EventRounds "9"]
[EventCountry "RUS"]
[SourceTitle "EXT 2011"]
[Source "ChessBase"]
[SourceDate "2010.11.26"]
[SourceVersion "1"]
[SourceVersionDate "2010.11.26"]
[SourceQuality "1"]

1. e4 e5 2. f4 Nc6 3. Nf3 d6 4. f5 Nf6 5. Nc3 a6 6. a3 b5 7. d3 Be7 8. Be3 d5 9. Bf2 d4 10. Ne2 Ng4 11. Bg1 a5 12. h3 Nf6 13. g4 a4 14. Ng3 h6 15. Nh2 Bb7 16. Bf2 g5 17. Nh5 Nxh5 18. gxh5 b4 19. Be2 Bd6 20. Ng4 f6 21. Qc1 Kf7 22. h4 Ne7 23. 0-0 Qg8 24. Kh2 c5 25. Rg1 Qg7 26. Qd2 bxa3 27. bxa3 c4 28. Rab1 c3 29. Qc1 Bc6 30. Rg3 Nxf5 31. exf5 e4 32. Bxd4 Bxg3+ 33. Kxg3 gxh4+ 34. Kh3 Qg5 35. Qxg5 hxg5 36. Rb6 exd3 37. Bxd3 Bh1 38. Rxf6+ Ke7 39. Re6+ Kd7 40. Re3 Kc7 41. Be5+ Kb7 42. Bxh8 Rxh8 43. Be4+ Bxe4 44. Rxe4 Rxh5 45. Rxa4 Rh8 46. Rc4 Ra8 47. Rxc3 Ra4 48. Rf3 Rc4 49. f6 Rc8 50. f7 Rf8 51. Ne5 Kc7 52. Ng6 1-0